Normal view
MARC view
- T.R.B.-N.R.C
Entry Personal Name
001 - CONTROL NUMBER
- control field: 43663
003 - CONTROL NUMBER IDENTIFIER
- control field: NUST
005 - DATE AND TIME OF LATEST TRANSACTION
- control field: 20210314132724.0
008 - FIXED-LENGTH DATA ELEMENTS
- fixed length control field: 210314|| aca||aabn | a|a d
040 ## - CATALOGING SOURCE
- Original cataloging agency: NUST
- Transcribing agency: NUST
100 ## - HEADING--PERSONAL NAME
- Personal name: T.R.B.-N.R.C
670 ## - SOURCE DATA FOUND
- Source citation: Work cat.: (NUST): T.R.B.-N.R.C., Trasortation research record no. 1409, 1993
